Les 20 villes les plus peuplées de Mayenne - Statistiques

Statistiques générales
  • Ce quiz a été pris 132 fois
  • Le résultat moyen est 9 sur 20
Statistiques - réponses
Population Villes % Correct
49 657 Laval
100%
12 900 Mayenne
97%
8 508 Évron
69%
5 576 Ernée
67%
6 397 Changé
61%
4 435 Craon
61%
7 353 Saint-Berthevin
60%
16 710 Château-Gontier-sur-Mayenne
51%
3 246 Cossé-le-Vivien
46%
2 511 Gorron
39%
6 211 Bonchamp-lès-Laval
35%
2 780 Meslay-du-Maine
35%
4 435 L'Huisserie
32%
4 355 Louverné
29%
2 510 Renazé
22%
2 694 Villaines-la-Juhel
19%
2 873 Argentré
18%
2 623 Ambrières-les-Vallées
16%
3 193 Montsûrs
16%
2 732 Loiron-Ruillé
9%
Aucun quiz correspondant
Distribution des résultats
% des personnes avec chaque résultat
Percentile par nombre de réponses
Votre historique - résultats
Vous n’avez pas pris ce quiz